Stare flagi współczesnych krajów - Statystyki

Ogólne statystyki
  • Ten quiz został rozwiązany 3 781 razy
    3 765 od ostatniego zresetowania
  • Średni wynik to 18 z 57
Statystyki odpowiedzi
Obrazkowy Odpowiedź % Poprawnych
Albania
97%
Bułgaria
87%
Arabia Saudyjska
64%
Hiszpania
64%
Bangladesz
58%
Chorwacja
58%
Kanada
57%
Irak
56%
Gruzja
55%
Republika Południowej Afryki
55%
Grecja
52%
Rumunia
52%
Bahrajn
51%
Libia
51%
Rwanda
48%
Węgry
47%
Iran
46%
Macedonia Północna
46%
Mauretania
46%
Białoruś
40%
Malediwy
40%
Bośnia i Hercegowina
35%
Haiti
34%
Gwinea Równikowa
33%
Kamerun
33%
Mongolia
31%
Mozambik
31%
Wenezuela
31%
Afganistan
29%
Brazylia
27%
Liechtenstein
27%
Malawi
26%
Kambodża
25%
Demokratyczna Republika Konga
21%
Laos
21%
Mjanma
21%
Syria
18%
Ghana
16%
Lesotho
16%
Uganda
15%
Finlandia
14%
Bahamy
13%
Komory
12%
Tadżykistan
10%
Tuvalu
10%
Benin
8%
Saint Vincent i Grenadyny
8%
Seszele
8%
Kongo
6%
Sudan
5%
Surinam
5%
Kuwejt
4%
Republika Zielonego Przylądka
4%
Grenada
3%
Ekwador
2%
Gwatemala
1%
Wyspy Salomona
1%
Nie znaleziono quizów pasujących do podanych kryteriów
Rozkład punktacji
Procent ludzi z każdym wynikiem
Percentyl według liczby udzielonych odpowiedzi
Twoja historia wyników
Nie rozwiązałeś tego quizu od ostatniego zresetowania